|
|
|
|
| LEADER |
00000cam a2200000 7i4500 |
| 001 |
0000044521 |
| 005 |
20150104.0 |
| 008 |
150104 |
| 020 |
|
|
|a 9789834256371
|
| 020 |
|
|
|a 9834256371
|
| 090 |
0 |
0 |
|a 769.56595
|b SIG
|
| 110 |
1 |
|
|a Malaysian Communications and Multimedia Commision
|
| 245 |
1 |
0 |
|a Signs, symbols and stamps
|
| 260 |
|
|
|a Cyberjaya :
|b Malaysian Communications and Multimedia Commision ,
|c 2014
|
| 300 |
|
|
|a 102pg. :
|b col. ill. ;
|c 26cm.
|
| 650 |
|
0 |
|a Signs
|z Malaysia
|
| 650 |
|
0 |
|a Stamps
|z Malaysia
|
| 650 |
|
0 |
|a Symbol
|z Malaysia
|
| 999 |
|
|
|a 0001347712
|b Book
|c Adult Collection
|e Perbadanan Perpustakaan Awam Johor
|